000 00768cam a2200265 a 4500
008
020 _a0073128112 (hbk.)
049 0 _aMAIN
090 0 _aHB172.5
_bDOR
100 1 _aDornbusch, Rudiger.
245 1 0 _aMacroeconomics /
_cRudiger Dornbusch, Stanley Fischer, Richard Startz.
250 _a10th ed.
260 _aBoston :
_bMcGraw-Hill,
_cc2008.
300 _axxii, 629 p. :
_bill. ;
_c24 cm.
500 _aIncludes index.
504 _aIncludes bibliographical references.
650 0 _aMacroeconomics.
700 1 _aFischer, Stanley.
700 1 _aStartz, Richard.
907 _a.b10288016
_b04-03-15
_c24-11-10
003
005 20230123125151.0
040 _cNUST
942 _cBOOKS
_kHB172.5
_mDOR
999 _c136866
_d136866